00981nam a22001097a 4500008004100000100001900041245003400060260004300094300005200137520063900189773004300828260625b ||||| |||| 00| 0 eng d aSafvi, Rana  aWhere Bhakti and Sufism meet  aIndia International Center Quarterly  a52 (3&4), Winter 2025- Summer 2026: p.112-123  aBhakti means devotion love and worship of the divine. The Bhakti movement beloved that pure devotion to the divine was the most important aspect of religion. It started in South India in the sixth century EE as a reaction to the relations dogma, rigid caste system, fascism and superstition that plagued Hindu society. This informal movement that gained momentum belied in equality and personal devotion to the divine and was spared by the developers of Vishnu the Alvars and the devotees of Shiva the Nayanmars in South India. It begins by following a path of spirituality through the medium of party music and dance. – Reproduced  aIndia International Center Quarterly